Text, role, and context: developing academic literacies
সংরক্ষণ করুন:
| প্রধান লেখক: | |
|---|---|
| বিন্যাস: | গ্রন্থ |
| ভাষা: | ইংরেজি |
| প্রকাশিত: |
Nueva York
Cambridge University
1997
|
| মালা: | The Cambridge Applied Linguistics Series
|
| বিষয়গুলি: | |
| ট্যাগগুলো: |
ট্যাগ যুক্ত করুন
কোনো ট্যাগ নেই, প্রথমজন হিসাবে ট্যাগ করুন!
|
MARC
| LEADER | 00000nam a2200000 a 4500 | ||
|---|---|---|---|
| 001 | UCO9809 | ||
| 003 | CL-VaPUC | ||
| 008 | 010309e19970000US |||||||||||||||||eng|d | ||
| 082 | 0 | 4 | |a 808.042 |b JOH |2 21 |
| 100 | |a Johns, Ann M |e author |9 470232 | ||
| 245 | 1 | 0 | |a Text, role, and context: developing academic literacies |
| 300 | |a 171 p | ||
| 942 | |c BK | ||
| 945 | |d 20010309 00:00:00 |a cmena | ||
| 260 | |a Nueva York |b Cambridge University |c 1997 | ||
| 650 | 7 | |a RETORICA - INGLES |2 CL-VaPUC |9 454807 | |
| 650 | 7 | |a LENGUAJE INGLES |2 CL-VaPUC |9 454942 | |
| 650 | 0 | |a Análisis del discurso |9 256696 | |
| 650 | 0 | |a Métodos de enseñanza |9 270413 | |
| 583 | |a last modification |c 20010309 00:00:00 |k Rodrigo Vera | ||
| 490 | 0 | |a The Cambridge Applied Linguistics Series | |
| 999 | |c 293832 |d 293830 | ||
| 952 | |0 0 |1 0 |4 0 |6 808_042000000000000_JOH_1997 |7 0 |8 A |9 345578 |a FDOPOS |b FDOPOS |d 2019-11-20 |i 3688682 |o 808.042 JOH 1997 |p 3688682 |r 2025-01-22 |w 2019-11-20 |y BK |k MLA | ||
| 952 | |0 0 |1 0 |4 0 |6 808_042000000000000_JOH_1997 |7 0 |8 A |9 345579 |a FDOPOS |b FDOPOS |d 2019-11-20 |i 3688690 |o 808.042 JOH 1997 |p 3688690 |r 2025-01-22 |w 2019-11-20 |y BK |k MLA | ||
| 952 | |0 0 |1 0 |4 0 |6 808_042000000000000_JOH_1997 |7 0 |8 A |9 345580 |a FDOPOS |b FDOPOS |d 2019-11-20 |i 3788792 |o 808.042 JOH 1997 |p 3788792 |r 2025-01-22 |w 2019-11-20 |y BK |k MLA | ||
| 952 | |0 0 |1 0 |4 0 |6 808_042000000000000_JOH_1997 |7 0 |8 A |9 345581 |a FDOPOS |b FDOPOS |d 2019-11-20 |i 3788806 |o 808.042 JOH 1997 |p 3788806 |r 2025-01-22 |w 2019-11-20 |y BK |k MLA | ||
| 952 | |0 0 |1 0 |4 0 |6 808_042000000000000_JOH_1997 |7 0 |8 A |9 345582 |a FDOPOS |b FDOPOS |d 2019-11-20 |i 4215494 |o 808.042 JOH 1997 |p 4215494 |r 2025-01-22 |w 2019-11-20 |y BK |k MLA | ||